| 000 | 00909nam a2200277 i 4500 | ||
|---|---|---|---|
| 001 | bg | ||
| 003 | BPK | ||
| 005 | 20160125084624.0 | ||
| 008 | 020202s1992 uk a f |000 0 eng d | ||
| 020 | _a0571164439 | ||
| 040 | _cBPK | ||
| 080 | _a811.111'282 | ||
| 080 | _a811.111'0 | ||
| 100 | 1 | _aMcCrum, Robert. | |
| 245 | 1 | 0 |
_aThe story of English / _cRobert McCrum, William Cran, Robert MacNeil. |
| 250 | _aNew and rev. ed. | ||
| 260 |
_aLondon ; _aBoston : _bFaber and Faber : _bBBC Books, _c1992. |
||
| 300 |
_a[12], 468 s. : _bmapy ; _c20 cm. |
||
| 504 | _aIndeks. | ||
| 650 | 4 |
_aJęzyk angielski _xdialekty i regionalizmy. |
|
| 650 | 4 |
_aJęzyk angielski _xhistoria. |
|
| 700 | 1 | _aCran, William. | |
| 700 | 1 |
_aMacNeil, Robert _d(1931- ). |
|
| 856 |
_uhttp://koha.tu.koszalin.pl/cgi-bin/koha/opac-detail.pl?biblionumber=33933 _yKatalog online BPK |
||
| 942 |
_cKS _2UKD |
||
| 999 |
_c33933 _d33933 |
||